Aryans and british India / (Record no. 152303)

MARC details
000 -LEADER
fixed length control field 00732nam a22002297a 4500
008 - FIXED-LENGTH DATA ELEMENTS--GENERAL INFORMATION
fixed length control field 180526b xxu||||| |||| 00| 0 eng d
010 ## - LCCN (DPL NO)
LC control number A-899876
020 ## - INTERNATIONAL STANDARD BOOK NUMBER
International Standard Book Number 8170366429
Terms of availability 0.00
035 ## - SYSTEM CONTROL NUMBER
System control number A-899876
037 ## - SOURCE OF ACQUISITION
Source of stock number/acquisition BPPD/PUB
040 ## - CATALOGING SOURCE
Original cataloging agency dpl
Language of cataloging English
082 ## - DEWEY DECIMAL CLASSIFICATION NUMBER
Classification number 954.08
100 ## - MAIN ENTRY--PERSONAL NAME
Personal name Trautmann, Thomas R.
245 ## - TITLE STATEMENT
Title Aryans and british India /
Statement of responsibility, etc by Thomas R. Trautmann
260 ## - PUBLICATION, DISTRIBUTION, ETC. (IMPRINT)
Place of publication, distribution, etc New Delhi
Name of publisher, distributor, etc VIstar Publications
Date of publication, distribution, etc 1997
270 ## - ADDRESS
Address M-32, Greater Kailash Market, Part-1
City New Delhi
Postal code 110048
300 ## - PHYSICAL DESCRIPTION
Extent xx, 260p.
Dimensions 22cm (Hb)
500 ## - GENERAL NOTE
General note Includes bibliographical references and index
650 ## - SUBJECT ADDED ENTRY--TOPICAL TERM
Topical term or geographic name as entry element Ramanandis
650 ## - SUBJECT ADDED ENTRY--TOPICAL TERM
Topical term or geographic name as entry element Vaishnavism
General subdivision Social aspects
942 ## - ADDED ENTRY ELEMENTS (KOHA)
Source of classification or shelving scheme Dewey Decimal Classification
Item type English Books
Call number suffix TRA
Classification part 954.08
Holdings
Withdrawn status Lost status Source of classification or shelving scheme Damaged status Not for loan Collection code Home library Current library Date acquired Source of acquisition Cost, normal purchase price Total Checkouts Full call number Barcode Date last seen Cost, replacement price Koha item type
    Dewey Decimal Classification     Non-fiction Shahdara Branch Shahdara Branch 26/05/2018 BPPD/PUB 0.00   954.08 TRA A-899876 26/05/2018 0.00 English Books

© Delhi Public Library
Hit Counter
free hit counter